Citeľné oživenie v regióne
Najväčšie podniky v strednej a juhovýchodnej Európe v roku 2010. Slovenské spoločnosti v rebríčku.
Guardado en:
| Autor principal: | |
|---|---|
| Formato: | Capítulo de libro |
| Lenguaje: | eslovaco |
| Materias: | |
| Etiquetas: |
Sin Etiquetas, Sea el primero en etiquetar este registro!
|
MARC
| LEADER | 00000naa a2200000 4500 | ||
|---|---|---|---|
| 001 | 0136615 | ||
| 005 | 20231113073333.1 | ||
| 041 | 0 | |a slo | |
| 044 | |a SK | ||
| 245 | 1 | 0 | |a Citeľné oživenie v regióne |c Vladimír Masár |
| 520 | |a Najväčšie podniky v strednej a juhovýchodnej Európe v roku 2010. Slovenské spoločnosti v rebríčku. | ||
| 610 | 2 | 0 | |a podnik |
| 610 | 2 | 0 | |a prosperita ekonomická |
| 610 | 2 | 0 | |a SVE |
| 100 | 1 | |a Masár, Vladimír | |